| 000 | 00815nam a2200325Ia 4500 | ||
|---|---|---|---|
| 008 | 181129s9999 xx 000 0 und d | ||
| 020 | _a9780062249395 | ||
| 050 | _bL614 2013 | ||
| 100 | _aLerangis, Peter | ||
| 245 | 4 | _aThe Colossus rises / | |
| 245 | 0 | _cby Peter Lerangis. | |
| 250 | _aFirst edition. | ||
| 260 | _aNew York, NY : | ||
| 260 | _bHarperCollins Publishers, | ||
| 260 | _c2013 | ||
| 300 | _a348 pages : | ||
| 300 | _billustrations ; | ||
| 300 | _c21cm. | ||
| 440 | _aSeven wonders, | ||
| 440 | _v1 | ||
| 650 | _aAbilities -- | ||
| 650 | _aAdventure and adventures -- | ||
| 650 | _aAtlantis (Legendary place). | ||
| 650 | _aScience fiction. | ||
| 650 | _aSeven wonders of the world. | ||
| 650 | _xFiction. | ||
| 650 | _xMagic. | ||
| 700 | _aSeries. | ||
| 700 | _aTitle. | ||
| 999 |
_c359506 _d359506 |
||